| 000 | 00529nam a22001817a 4500 | ||
|---|---|---|---|
| 999 |
_c10597 _d10597 |
||
| 003 | AR-CdUCM | ||
| 008 | 190401b ||||| |||| 00| 0 spa d | ||
| 040 |
_aMUNICIPALIDAD PROVINCIAL DEL CUSCO _cBIBLIOTECA MUNICIPAL DEL CUSCO |
||
| 082 |
_aES / 800 / _bP73 |
||
| 245 | _aPoema de Mio Cid / | ||
| 260 |
_aLima : _bFondo editorial navarrete, |
||
| 300 |
_a158 paginas ; _c15 cm. |
||
| 505 | _aContenido :Poema de mio cid. | ||
| 650 |
_aLiteratura peruana _9169 |
||
| 650 |
_aPoemas _9929 |
||
| 942 |
_2ddc _cLIBROS |
||
| 945 | _arum | ||